Technológia OMR a automatizácia vkladania laboratórnych žiadaniek

Bibliographic Details
Main Authors: Vaňko, Marián (Author), Nezkusil, Jan (Author)
Corporate Author: Labkvalita 03 (Author)
Format: Conference Proceeding Article
Language:Slovak
ISSN:1335-2644
Subjects:

MARC

LEADER 00000nab a2200000 a 4500
001 vtls001494933
003 SK-MaSNL
005 20260304150100.0
008 250505c2003 xo g 0 slo
015 |a SNBCL2005/2 
035 |a (uuid)16aa8cf1-67e3-4ccc-8686-7db2e0dd92b8 
035 |a urn:nbn:sk:snk-abu7v 
035 |a (urnnbn)urn:nbn:sk:snk:ar-a048zq 
040 |a SNKBUCL  |b slo  |c SNKBUCL  |e AACR2 
041 0 |a slo 
044 |a xo  |c SK 
080 |a 616.006.2-07:004.352.2:061.3  |2 1981 
100 1 |a Vaňko, Marián  |u STAPRO Slovensko, Košice  |4 aut  |9 1000615 
245 1 0 |a Technológia OMR a automatizácia vkladania laboratórnych žiadaniek  |c Marián Vaňko, Jan Nezkusil 
650 0 7 |a služby diagnostické  |x organizácia a riadenie  |2 MESH  |9 1308603 
650 0 7 |a spracovanie údajov, automatizované  |x vybavenie prístrojové  |2 MESH  |9 1469842 
650 0 7 |a systémy riadenia, databázové  |2 MESH  |9 1469843 
650 0 7 |a technológia lekárska  |x organizácia a riadenie  |2 MESH  |9 1454061 
650 0 7 |a systémy v klinickom laboratóriu, informačné  |2 MESH  |9 1258757 
700 1 |a Nezkusil, Jan  |4 aut  |9 677297 
711 1 |a Labkvalita 03  |n (6. :  |d 2003 :  |c Košice, Slovensko)  |4 aut  |9 875266 
773 0 |t Laboratórna diagnostika  |g Roč. 8, č. 1 (2003), s. 47  |x 1335-2644 
850 |a Slovenská národná knižnica 
852 |a Slovenská národná knižnica 
954 |a odborná, vedecká literatúra pôvodná (slovenská)  |2 lita 
958 |a article27 
958 |a OND 
958 |a EUIPO 
999 |c 2937902  |d 2939832